Tiere Bildquiz - Statistiken

Allgemein
  • Dieses Quiz wurde 336 mal gespielt
  • Das Durchschnittsergebnis liegt bei 12 aus 12
Antwortstatistiken
Bildquiz Antwort % Korrekt
Giraffe
100%
Hai
100%
Hund
100%
Katze
100%
Pinguin
100%
Tiger
100%
Wolf
100%
Eisbär
99%
Fuchs
99%
Löwe
99%
Gorilla
98%
Yak
83%
Keine übereinstimmenden Quizze gefunden
Verteilung der Resultate
Anzahl Personen mit jedem Resultat
Perzentil nach korrekt beantworteten Fragen
Ihre Resultats-Entwicklung
Sie haben dieses Quiz noch nicht gespielt